[Event "Abu Dhabi op 13th"]
[Site "Abu Dhabi"]
[Date "2003.08.17"]
[Round "2"]
[White "Bakre, Tejas"]
[Black "Barsov, Alexei"]
[Result "1-0"]
[WhiteElo "2434"]
[BlackElo "2526"]
[Annotator "Psakhis,L"]
[PlyCount "53"]
[EventDate "2003.08.16"]
[Source "ChessBase"]
[SourceDate "2003.11.11"]

1. e4 e6 2. d4 d5 3. Nc3 Bb4 4. e5 c5 5. Bd2 5... Nh6 $5 {
This move has become quite popular in the last couple of years.} (5... Ne7) (
5... Nc6) 6. Nb5 (6. a3 Bxc3 7. Bxc3 cxd4 8. Bxd4 Nc6 9. Nf3 Nxd4 10. Qxd4 Nf5
11. Qd2 Bd7 12. Bd3 Nh4 13. Nxh4 Qxh4 14. O-O-O O-O 15. f4 15... b5 $11 {
-  Fogarasi,T-Berkes,F/Budapest-4 GM 2001/ (20)}) 6... Bxd2+ 7. Qxd2 O-O 8. c3
(8. Nf3 Nc6 9. dxc5 b6 10. Qc3 Bd7 11. Bd3 bxc5 12. Qxc5 Ng4 13. Nbd4 Ncxe5 14.
h3 Nxd3+ 15. cxd3 Nh6 16. O-O 16... f6 $11 {
1-0 Al Sayed,M-Wubben,M/Andorra op 2003/ (55)}) 8... Nc6 9. f4 9... cxd4 (9...
f6 10. Nf3 fxe5 11. fxe5 (11. dxe5 $5) 11... Bd7 12. Nd6 cxd4 13. cxd4 13...
Rxf3 $1 14. gxf3 Qh4+ 15. Qf2 Qf4 16. Qd2 16... Qh4+ $132 {
1-0 Fontaine,P-Meessen,R/Belgian Interteams 2000-1 2000/ (31)}) 10. cxd4 10...
f6 11. Nf3 Bd7 12. Nd6 Qb6 (12... fxe5 13. dxe5 $1) 13. Rd1 $146 {
Despite its obviousness, Bakre's last move looks like a novelty} ({
White failed to get any advantage after} 13. O-O-O 13... fxe5 14. fxe5 Be8 15.
Nxe8 Raxe8 16. Kb1 Rc8 17. Be2 17... Nf5 $13 {
-  Leko,P-De la Villa Garcia,J/Leon 1994/ (31)}) 13... Kh8 (13... Nf7 $5 14.
Nxf7 14... Rxf7 {with good chances for equalization}) 14. Be2 fxe5 15. dxe5 $5
({Black doing well in the case of} 15. fxe5 15... Nf5 16. Nxf5 Rxf5 17. O-O
$140 17... Nxe5 $1) 15... Ng4 16. Nd4 (16. Bb5 16... Rxf4 $1) 16... Nf2 (16...
Nxd4 $5 17. Bxg4 (17. Qxd4 $2 17... Ne3 $1 $17) 17... Nb5 18. Nxb5 18... Bxb5
$13) 17. Kxf2 $1 17... Nxd4 18. Kg3 (18. Qxd4 $4 18... Rxf4+ $19) (18. Ke1
18... Nf5 $5) 18... Nc6 (18... Nf5+ $5 19. Nxf5 Rxf5 20. Bd3 20... Rf7 $132)
19. h4 $1 19... a5 (19... Ne7 $5) 20. Bd3 a4 21. Bb1 $5 {White's threats on
the king's side are quite dangerouse,nevertheless, the assessment of the
position is not quite clear.} 21... a3 $5 {Having no desire for passive
defence, Black tries to find counter play on the queenside.} ({
He could play also} 21... Be8 22. h5 22... Bf7 {
with some chances for successful defense.}) 22. Qd3 g6 23. h5 23... Rxf4 $3 24.
Kxf4 $8 24... Qf2+ (24... Ra4+ $5 25. Kg3 25... Nxe5 $132) 25. Kg5 ({
Good or Bad, but Bakre had to play} 25. Qf3 $1 {with almost force continuation}
25... Rf8+ 26. Bf5 Qxb2 27. hxg6 Qxe5+ 28. Kg5 Qf6+ 29. Kf4 $8 29... Qxg6 $40)
25... Rg8 $4 {I just can't explain this move!} (25... h6+ 26. Kg4 (26. Kxg6
Nxe5+ 27. Kxh6 Qf4#) 26... Qxg2+ 27. Kf4 (27. Qg3 27... Ra4+ $1) 27... Rf8+ {
with mate in few moves}) 26. Qf3 $1 26... gxh5+ 27. Kxh5 (27. Kxh5 Rxg2 28.
Qxf2 Rxf2 29. Kg5 $18) 1-0

[Event "FRA-ch"]
[Site "Aix les Bains"]
[Date "2003.08.21"]
[Round "4"]
[White "Bacrot, Etienne"]
[Black "Vaisser, Anatoli"]
[Result "1-0"]
[WhiteElo "2645"]
[BlackElo "2571"]
[Annotator "Psakhis,L"]
[PlyCount "63"]
[EventDate "2003.08.18"]
[Source "ChessBase"]
[SourceDate "2003.11.11"]

1. e4 e6 2. d4 d5 3. Nc3 Bb4 4. e5 Ne7 5. a3 Bxc3+ 6. bxc3 c5 7. Qg4 $1 {
Black has many problems in recent practice after this active and strong move.}
7... O-O (7... Qc7) (7... Kf8 $5) 8. Bd3 Nbc6 9. Qh5 Ng6 10. Nf3 Qc7 (10...
Nce7 $5 {can be only substitute o the move in the game.}) 11. Be3 c4 12. Bxg6
fxg6 13. Qg4 Qf7 (13... Bd7 $5) 14. Ng5 Qe8 (14... Qf5 15. Qe2 $1) 15. h4 h6
16. Nh3 Bd7 17. Qe2 b5 18. g4 a5 19. h5 19... gxh5 {The future of this
variation depends  upon the   correct evaluation of this position.} 20. g5 $1 (
{White failed to get any advantage after} 20. Rg1 20... Ne7 21. gxh5 Kh7 22.
Qg4 Nf5 23. Kd2 Qe7 24. Qg6+ Kh8 25. Nf4 Nh4 26. Qg4 26... Rxf4 $5 27. Bxf4 Rf8
28. Rh1 Nf5 29. Be3 29... Be8 $44 {
Leko,P-Almasi,Z/Budapest 2003/CBM 95/[Psakhis]/ -  (52)}) 20... hxg5 21. Nxg5
g6 22. O-O-O $5 $146 {
This is a new try, but as this game shows, Black has nothing to fear here} ({
Black is doing well after} 22. Kd2 22... b4 23. Rag1 bxc3+ 24. Kd1 Rf5 25. Rxh5
gxh5 26. Ne4+ Kh8 27. Nd6 27... Qg8 $2 (27... Rb8 $1 $19) 28. Bg5 $2 (28. Rxg8+
Rxg8 29. f4 $36) 28... Rb8 $1 $19 29. Qxh5+ Qh7 30. Qg4 Rxg5 31. Nf7+ Qxf7 32.
Rh1+ Kg7 33. Qxg5+ 33... Qg6 {
0-1 Van den Doel,E-Psakhis,L/Bled Olympiad 2002/CBM 92/[Psakhis] (33)}) ({
Worth considering quite} 22. Qf1 22... Rf5 23. Qg2 Ne7 24. Ke2 Kh8 25. Nf3 Qf7
26. Nh4 Rf8 27. Raf1 Kh7 28. Bg5 Nc6 29. f4 $16 {
1-0 Karjakin,S-Papa,S/Biel MTO 2003 (45)}) 22... Qe7 ({Looks natural but
probably after this game Black will explore the approved idea of} 22... b4 {
In this case however after} 23. Rdg1 {
Black captures on c3 without check and White wins a tempo for attack.} 23...
bxa3 (23... Rf5 24. Nf3 $1 24... bxa3 25. Nh4 a2 26. Kb2 $18) (23... Kh8 24.
Nf3 $1)) (22... Rf5 {is worth considering as well}) 23. Rdg1 $1 23... Qxa3+ {
Now the queen is little bit too far from the kingside.} (23... Rf5 $5) 24. Kd2
24... b4 $2 {It looks like Black has managed to cause serious threats, but it
is just an illusory thing. This attempt meets an immediate tactical refutation.
} ({Black should have preferred} 24... Rf5 $1 $142 25. Nf3 (25. Nxe6 Bxe6 26.
Rxg6+ Kf7 27. Rxh5 b4 28. Rxf5+ Bxf5 29. Rf6+ Ke7 30. Rxf5 Qxc3+ 31. Kd1 Qa1+
32. Kd2 32... Nxd4 $19) 25... b4 $132 {with compleatly unclear game.}) 25. Ne4
$1 25... dxe4 {Black hasn't a big choice.} (25... bxc3+ 26. Nxc3 Kf7 27. Rxg6
$1 27... Ke8 28. Qxh5 Kd8 29. Rg7 $18) (25... Rf5 26. Rxg6+ Kf7 (26... Kf8 27.
Rxh5 $1 27... dxe4 28. Rxf5+ exf5 29. Qh5 {mating}) 27. Nd6+ (27. Rf6+ Ke8 28.
Rxf5 exf5 29. Qxh5+ 29... Kd8 $132) 27... Kxg6 28. Nxf5 Qxc3+ 29. Kd1 Qa1+ 30.
Bc1 30... Rh8 $1 31. Qe3 $40) 26. Qxh5 Rxf2+ ({Nothing change and} 26... Qxc3+
27. Kd1 Qa1+ 28. Ke2 $18) 27. Bxf2 Qxc3+ 28. Kd1 Qf3+ 29. Qxf3 exf3 30. Rxg6+
Kf7 31. Rf6+ Ke7 32. Rh7+ ({Winning one more rook or mating -} 32. Rh7+ 32...
Kd8 33. Rf8+ Be8 (33... Kc7 34. Rxa8) 34. Bh4+ {Black resigned.}) 1-0

[Event "RUS-ch 56th"]
[Site "Krasnoyarsk"]
[Date "2003.09.06"]
[Round "4"]
[White "Morozevich, Alexander"]
[Black "Shipov, Sergei"]
[Result "1-0"]
[WhiteElo "2679"]
[BlackElo "2589"]
[Annotator "Psakhis,L"]
[PlyCount "47"]
[EventDate "2003.09.03"]
[Source "ChessBase"]
[SourceDate "2004.02.03"]

1. e4 {Ftacnik} 1... e6 2. d4 d5 3. Nc3 Bb4 4. e5 c5 5. a3 Bxc3+ 6. bxc3 Qa5 7.
Bd2 Qa4 8. h4 $5 {Ftacnik: 'Morozevich is making his mark of originality
already in the opening, white used to have met problems with the weak pawn on
c2.'} 8... f6 $6 (8... b6 $142 9. h5 Ba6 10. Qg4 Kf8 11. Bxa6 Nxa6 12. Rc1 h6
13. Ne2 Ne7 14. Rh3 Nc7 15. Rf3 15... Kg8 $13 {
-  Iordachescu,V-Agdestein,S/Port Erin Monarch Assurance 2003/}) 9. Qg4 $1 9...
Kf7 (9... Qd7 {Ftacnik} 10. Bb5 Nc6 11. Nf3 $14) (9... g6 $6 {Ftacnik} 10. h5
$1 $16) 10. Rh3 10... h5 {This move only weakens the kingside. Also bad was} (
10... Qxc2 11. Bd3 Qb2 12. Rb1 Qxa3 13. Rg3 $40) ({or} 10... fxe5 11. Qh5+ Kf8
(11... Ke7 12. Qg5+ Kf8 (12... Kf7 13. Rg3 g6 14. Rf3+ Ke8 15. Qxe5 $18) 13.
Rf3+ Nf6 14. dxe5 $18) 12. Rf3+ Nf6 13. dxe5 $18) ({Possibly} 10... f5 $5 {
was lesser evel, but after for example} 11. Qh5+ g6 12. Qd1 cxd4 13. h5 g5 14.
Bxg5 h6 15. Bc1 {white chances are better}) 11. Qf4 Nc6 (11... Qxc2 12. Bd3 Qb2
13. Rb1 Qxa3 14. Nf3 $40 (14. Rg3 $5)) 12. Rg3 (12. Nf3 $5 12... c4 $140 13.
exf6 gxf6 14. Ne5+ $1 14... Nxe5 15. dxe5 Qxc2 16. exf6 Nxf6 17. Bd3 $1 17...
Qb2 $8 (17... cxd3 18. Rf3 $18) 18. Qc7+ Bd7 19. Rb1 Qxa3 20. Rf3 $40) 12...
Nce7 ({the g8-knight has to defend the f6-pawn, as the following line shows:} 
12... Nge7 $6 13. Rxg7+ (13. Bd3 $5 13... f5 14. Nh3 $40) 13... Kxg7 14. exf6+
Kf7 15. fxe7+ Kxe7 16. Qg5+ 16... Kf7 $8 17. Be2 $16) (12... cxd4 13. Nf3 Qxc2
14. Bd3 $1 14... Qb2 15. Rb1 Qxa3 16. cxd4 $40) 13. Nf3 13... c4 {An optional
alternatives demonstrates that White's threats are very serious: Ftacnik:
'Shipov is radically preventing activity of the opponent's white squared
bishop. Despite that white's attack is gaining strength by each move. '} (13...
Qxc2 14. Bd3 (14. exf6 $5 14... gxf6 15. Ne5+) 14... Qb2 15. Rb1 Qxa3 16. exf6
gxf6 17. Ne5+ Ke8 (17... Kf8 18. Rxg8+ $1 18... Nxg8 19. Ng6+ Ke8 (19... Kg7
20. Qc7+ $18) 20. Qd6 $18)) (13... Nf5 14. Rxg7+ $5 {A fabulous idea!} (14. Bd3
{Morozevich} 14... Nxg3 15. exf6 Nxf6 16. Qxg3 $44) 14... Kxg7 15. exf6+ Kf8
16. Ne5 Nxf6 (16... Rh7 17. Qg5 $40) 17. Ng6+ Kg7 18. Nxh8 Ne4 19. Qe5+ Kg8 20.
Bd3 $16) (13... Ng6 14. Rxg6 Kxg6 15. exf6 Nxf6 16. Bd3+ Kf7 17. Qc7+ Kg8 18.
Ne5 $40) 14. exf6 gxf6 (14... Nxf6 {Ftacnik} 15. Ne5+ Kf8 16. Rxg7 Kxg7 17.
Qg5+ Kh7 18. Qxf6 $18) 15. Ne5+ Ke8 (15... Kf8 $5 16. Rxg8+ $140 (16. Kd1 $5 {
Ftacnik}) 16... Nxg8 (16... Kxg8 {Ftacnik} 17. Qxf6 Rh7 18. Bh6 Bd7 19. Be2 $16
) 17. Ng6+ Kg7 18. Nxh8 18... Qxc2 $14 19. Qf3 {Ftacnik} 19... Qh7 20. Be2 $14)
16. Ng6 $1 {A very annoying move! Black's king is in great danger and the very
next move would be fatal for him.} 16... Nxg6 17. Rxg6 Qxc2 18. Qg3 Kf8 (18...
Ne7 19. Rxf6 Qb2 20. Rd1 Qxa3 21. Be2 $18) 19. Be2 Qf5 (19... e5 20. Rc1 $1 (
20. dxe5 20... Bg4 $1) 20... Qe4 21. f3 (21. dxe5 Bg4 (21... Qxe5 22. Bf4 $40)
22. Rxf6+ $1 22... Nxf6 23. f3 Qh7 24. exf6 $16) 21... Qf5 22. dxe5 Qxe5 23.
Bf4 $18) 20. Bf4 $18 {White's positional advantage is decisive and Morozevich
chooses the most vigorous way of realisation. Ftacnik: 'Bringing dark squared
bishop into play decides immediatelly, the defender is grossly underdeveloped.
'} (20. Rg7 e5 21. dxe5 $18) 20... e5 (20... Ne7 21. Bd6 Rh7 22. Rg8+ Kf7 23.
Bxe7 Kxe7 24. Qc7+ $18) 21. dxe5 Bd7 22. exf6 Re8 (22... Nxf6 23. Bd6+ Ke8 24.
Rg5 Qe6 25. Re5 $18) 23. Be3 (23. Bh6+ $5 23... Kf7 24. Rg7+ Kxf6 25. Be3 $1
25... Rxe3 26. fxe3 $18) 23... Nxf6 (23... Rxe3 $8 24. fxe3 Nxf6 25. O-O-O $5
$18) 24. Bc5+ 1-0

[Event "EU-Cup 19th"]
[Site "Rethymnon"]
[Date "2003.10.03"]
[Round "6.2"]
[White "Bologan, Viktor"]
[Black "Roiz, Michael"]
[Result "1-0"]
[WhiteElo "2650"]
[BlackElo "2554"]
[Annotator "Psakhis,L"]
[PlyCount "61"]
[EventDate "2003.09.28"]
[Source "ChessBase"]
[SourceDate "2004.02.03"]

1. e4 e6 2. d4 d5 3. Nc3 Bb4 4. e5 c5 5. a3 Bxc3+ 6. bxc3 6... Qa5 {
This move has become very popular in the last couple of years.} 7. Bd2 Qa4 8.
Nf3 (8. Qg4 $5) (8. Qb1 $5) 8... c4 9. h4 (9. g3 Ne7 10. Bh3 Nbc6 11. O-O Bd7
12. Nh4 O-O-O 13. f4 Nf5 14. Ng2 h5 15. Ne3 g6 16. Bg2 Kb8 17. Bf3 17... Bc8
$11 {Gunnarsson,J-Psakhis,L/Torshavn op 2000//0-1 (51)}) 9... Nc6 10. h5 10...
h6 11. g3 $146 {
This is a novelty in this position, although the idea is not new at all.} (11.
Nh4 Nge7 12. g4 (12. Rh3 $5 12... Bd7 13. Rf3) 12... Bd7 13. Bg2 O-O-O 14. O-O
g5 15. Nf3 15... Rdf8 $132 {
Roiz Baztan,D-Fernandez Diaz,I/Asturias t-ch 2003/1-0 (42)}) 11... Bd7 12. Bh3
O-O-O 13. Bf4 Nge7 (13... g5 14. hxg6 fxg6 15. Bg2 $14 (15. Bg4 Rf8 16. Qd2))
14. Qd2 Rdf8 15. Nh4 {A space advantage gives White better chances,
nevertheless Black's position is still fairly solid.} 15... Rh7 (15... Qa5 $5
$142) 16. Ng2 Kb8 (16... Nf5 17. g4) (16... g5 $5 17. hxg6 fxg6 18. Bxh6 $4
$140 18... Rfh8 $19) 17. Ne3 Ka8 18. Bg2 18... Nc8 19. g4 $36 19... Qa5 (19...
Nb6 20. Bg3 20... Qa5 {leads just to moves transpozition.}) 20. Bg3 20... Nb6
21. a4 $1 {The players have completed their development and now White is
rushing to the attack.} 21... Nxa4 22. Ra3 22... b5 (22... Qb5 23. O-O $16) 23.
O-O Qd8 24. Rb1 {In return for the pawn, White has attacking chances against
black's exposed king.} 24... a6 25. Nxd5 $1 {This is typical sacrifice for
such positions. Bologan open all possible lines and diagonals and black king
never will get now safe place on the board.} 25... exd5 26. Bxd5 26... Rhh8 (
26... Qe7 27. Rxa4 $5 27... bxa4 28. Qe2 Rc8 (28... Rb8 29. Rxb8+ Kxb8 30. Be4
$5 30... Rh8 31. e6+ Ka7 32. d5 $40) 29. Qxc4 Ka7 30. e6 $1 30... fxe6 (30...
Bxe6 31. Qxc6 $1 31... Rxc6 32. Bb8+ Ka8 33. Bxc6+) 31. Be4 Rhh8 32. f3) 27.
Bg2 Qc8 28. f4 {
White's position is still formidable despite the fact he is a piece down.}
28... Ka7 (28... Bxg4 $142 29. d5 (29. Rxa4 $5 29... bxa4 30. d5 Rd8 31. Qf2)
29... Rd8 (29... Nxe5 30. fxe5 Qc5+ 31. Bf2 Qxa3 32. d6+ Kb8 33. Qd5 $18) 30.
Qf2 {with terrible attack}) 29. Bf2 {It seems that Black's position can no
longer be saved - there are too many White' pieces pointed at the black king,
who is all alone} 29... Na5 (29... Ka8 30. d5) (29... Nb6 30. Rxb5 $18) 30.
Rxa4 bxa4 31. d5+ 1-0

[Event "Nagykanizsa 1st"]
[Site "Nagykanizsa"]
[Date "2003.11.07"]
[Round "3"]
[White "Timoshenko, Georgy"]
[Black "Farago, Ivan"]
[Result "1-0"]
[WhiteElo "2548"]
[BlackElo "2485"]
[Annotator "Psakhis,L"]
[PlyCount "77"]
[EventDate "2003.11.05"]
[Source "ChessBase"]
[SourceDate "2004.03.30"]

1. e4 e6 2. d4 d5 3. Nc3 Bb4 4. e5 Ne7 5. a3 Bxc3+ 6. bxc3 c5 7. Qg4 O-O 8. Bd3
8... Qa5 {This move has become quite  popular in the last couple of years.} 9.
Bd2 Nbc6 10. Nf3 f5 11. exf6 Rxf6 12. Qh5 Nf5 13. g4 c4 14. gxf5 cxd3 15. Rg1
15... Bd7 16. Qg5 (16. c4 Qc7 17. Bh6 Be8 18. Qh4 Rxh6 19. Qxh6 dxc4 20. cxd3
cxd3 21. f6 Bg6 22. Qxg7+ Qxg7 23. fxg7 Rd8 24. Rg4 24... Bf5 $11 {
Shirov,A-Khalifman,A/Dos Hermanas-A 2003/CBM 95/[Psakhis]/ -  (44)}) 16... Rf7
17. f6 (17. cxd3 exf5 18. Ne5 Re8 19. f4 Nxe5 20. dxe5 Qa6 21. Ke2 Bb5 22. Qg3
22... Qa4 $13 {
0-1 Vehi Bach,V-Garcia Martinez,S/Barbera del Valles op 2003/ (49)}) 17... Qd8
18. Ne5 $146 {Interesting novelty.} (18. Qh6 Qxf6 19. Qxf6 Rxf6 20. Ne5 Nxe5
21. dxe5 Rf5 22. cxd3 Rxe5+ 23. Be3 Rh5 24. Rb1 Bc6 25. Bf4 25... e5 $17 {
0-1 Sumets,A-Drozdovskij,Y/Odessa-ch 2000 (40)}) (18. cxd3 Qxf6 19. Qxf6 Rxf6
20. Ne5 Nxe5 21. dxe5 21... Rf5 $11) 18... Nxe5 19. dxe5 19... dxc2 {Black has 
a small material advantage, but White retains many interesting tactical
opportunities on the kingside.} 20. Be3 {A critical position of the variation,
since it is the end of series of more or less forced moves.} (20. Qh6 Qf8 21.
Rc1 Kh8) 20... Rc8 (20... Ba4 21. Qh6 Qc7 22. Bd4) 21. Kd2 Ba4 22. Bd4 22...
Rc4 23. Qe3 Kh8 24. Rg4 (24. fxg7+ 24... Kg8 $1 $13 (24... Rxg7 $2 $143 25.
Rxg7 Kxg7 26. Rg1+ Kh8 27. Qh6 Qe7 28. Qf6+ $1 28... Qxf6 29. exf6 $18)) 24...
Qf8 25. h4 $5 25... b6 (25... Rfc7 $5 26. h5 $36 (26. Rag1 26... Qxa3 $132))
26. h5 {Black should have stuck to a passive defense.} 26... Bb3 27. f4 (27.
Rag1 27... Rcc7) 27... Ra4 {Black creates some threats on the queen side,
trying to prevent White's activity on the opposite flank.} (27... Rc6 $5) 28.
f5 $1 {Further casualties are unavoidable for Black because of the unstable
position of his king.} 28... exf5 (28... Rxa3 29. Rc1 Qe8 30. fxe6 Qxe6 31. Qg3
$18) 29. Rxg7 Rxg7 (29... Rxa3 30. Qh6 $18) 30. fxg7+ Qxg7 31. e6 {
White has played vigorously and has obtained an practically winning position.}
31... Rxd4+ 32. cxd4 $1 (32. Qxd4 $143 32... Qxd4+ 33. cxd4 Kg7 34. Rg1+ Kf6
35. h6 $16) 32... Ba4 33. e7 Qg2+ 34. Kc3 Qe4 (34... Be8 35. Rg1) 35. Qxe4 dxe4
(35... fxe4 36. h6) 36. Rg1 h6 (36... e3 37. Kd3 $1 37... f4 38. Ke4 $18) 37.
d5 f4 38. Kd4 f3 39. Ke3 (39. Kxe4 $6 39... f2 40. Rc1 Kg7) (39. Ke3 Be8 40. d6
Kh7 41. Rc1 Kg7 42. Rxc2 Kf7 43. Rc8 $18) 1-0

[Event "Corus"]
[Site "Wijk aan Zee"]
[Date "2004.01.22"]
[Round "10"]
[White "Topalov, Veselin"]
[Black "Bareev, Evgeny"]
[Result "0-1"]
[WhiteElo "2735"]
[BlackElo "2714"]
[Annotator "Psakhis,L"]
[PlyCount "98"]
[EventDate "2004.01.10"]
[Source "ChessBase"]
[SourceDate "2004.03.30"]

1. e4 e6 2. d4 d5 3. Nc3 Bb4 4. e5 Ne7 5. a3 Bxc3+ 6. bxc3 c5 7. a4 (7. Qg4 $1)
7... Qc7 8. Nf3 8... h6 $5 {
This is a good way for Black to avoid complexities of the} (8... b6 9. Bb5+ Bd7
10. Bd3 $13) 9. Bd3 (9. Be2 b6 10. O-O Ba6 11. Bxa6 Nxa6 12. Qe2 Nb8 13. a5
bxa5 14. Qb5+ (14. dxc5 Nd7 15. Nd4 O-O 16. f4 Nxc5 17. Qb5 Ne4 18. Qxa5 Qxa5
19. Rxa5 Nxc3 20. Ba3 Rfe8 21. Ra1 Rac8 22. Rxa7 22... Nc6 $17 {
Tan,K-L'Ami,E/NED-ch B20 Schagen 2003/EXT 2004/0-1 (49)}) 14... Nd7 15. Qxa5
Qxa5 16. Rxa5 cxd4 (16... a6 $5) 17. cxd4 Nc6 18. Ra1 Nb6 19. Ba3 Nc4 20. Rfb1
Nxa3 21. Rxa3 21... O-O $11 {
-  Serper,G-Yermolinsky,A/USA-ch Seattle 2000/ (22)}) 9... b6 10. a5 (10. O-O
Ba6 11. Nh4 (11. Re1 Bxd3 12. cxd3 Nd7 13. Ba3 O-O 14. Rc1 Rac8 15. Nh4 Rfe8
16. f4 Ng6 17. Nxg6 fxg6 18. c4 Qc6 19. dxc5 bxc5 20. Qb3 d4 21. Qb5 21... Qc7
$11 { -  De Vreugt,D-L'Ami,E/Dieren op 2003 (24)}) 11... Bxd3 12. cxd3 O-O 13.
Qg4 Kh7 14. dxc5 Qxe5 15. cxb6 axb6 16. Rb1 Nd7 17. Nf3 17... Qf5 $15 {
-  Borriss-Kindermann,S/BL 0102 2002 (40)}) 10... bxa5 11. O-O 11... c4 $5 $146
({Black experiences much more difficulties after} 11... Ba6 12. Ba3 Bxd3 13.
cxd3 Nd7 14. dxc5 Nxc5 15. c4 $1 15... dxc4 16. Rc1 Nb7 17. Rxc4 Qd7 18. Qc2
$36 {1-0 McDonald,N-Shaked,T/London GM 1997 (47)}) 12. Be2 12... O-O $13 13.
Re1 Nbc6 14. Bf1 (14. Ba3 f6 15. Bd6 15... Qd7 $132) 14... f6 $1 {
In my opinion Black has solved his openings problems.} 15. Ba3 (15. exf6 Rxf6
16. Ba3 16... Bd7) 15... fxe5 16. Bxe7 (16. Nxe5 Nxe5 17. Rxe5 17... Rf7 $11)
16... Qxe7 17. Nxe5 Nxe5 18. Rxe5 18... Qc7 19. g3 (19. Be2 $5) 19... Bd7 20.
Bh3 20... Rf6 $15 21. Qc1 (21. Qe1 Qb6 22. Rb1 22... Qc6) 21... a4 {
Thanks to this small weak pawn Bareev keeps a clear advantage.} 22. Qa3 22...
Rb8 $1 23. f4 Rb6 24. Kf2 Qb8 25. Rae1 25... Qf8 $1 (25... g5) 26. Qxf8+ (26.
Qc1 a3 (26... g5 $5)) 26... Kxf8 {The arisen endgame is not safe for White.}
27. Ke3 27... g5 $1 (27... Ke7 28. Kd2 Kd6 29. Bg4 29... g5 $5) 28. Bg4 (28.
fxg5 $5 28... hxg5 29. Bg4 Rb2) 28... gxf4+ 29. gxf4 Rb2 30. f5 $5 (30. Kd2
Rxf4 31. Bxe6 Bxe6 32. Rxe6 Rf2+ 33. R1e2 Rxe2+ 34. Rxe2 a3 35. Re6 35... a5 $1
$19) 30... exf5 31. Bf3 (31. Bxf5 Bxf5 32. Rf1 Rxc2 33. Rfxf5 33... Rxc3+ $19)
31... Rxc2 32. Kf4 Rxc3 33. Bh5 $6 ({Possibly White should have preferred} 33.
Bxd5 $5 33... Rd3 34. R5e3 34... Rb6 $5 (34... Rxd4+ 35. Ke5 f4 36. Rc3)) 33...
Rh3 $1 34. Rxd5 (34. Be8 Rh4+ 35. Kg3 Rg4+ 36. Kf3 Bxe8 37. Rxe8+ 37... Kg7 $19
) 34... Rh4+ 35. Kg3 Rxh5 36. Rxd7 36... f4+ $19 37. Kg4 (37. Kf3 Rxh2) 37...
Rg5+ (37... Rxh2 $5) 38. Kf3 Rf7 (38... Rb5 39. Rxa7 Rb3+ 40. Kg4 40... Re3 $19
) 39. Rd8+ (39. Rxf7+ Kxf7 40. Kxf4 40... a3 $19) 39... Kg7 40. Rc8 Rb5 41.
Rxc4 Rb3+ 42. Kf2 42... a3 43. Ra4 f3 44. Ra1 Rb2+ 45. Kg1 (45. Kf1 Rxh2) 45...
Rg2+ 46. Kh1 a2 47. Rg1 Kf8 48. Rxg2 48... f2 $1 (48... fxg2+ $2 49. Kxg2 $11)
49. Rg1 (49. Rxf2 49... Rxf2) 49... f1=Q 0-1